01116nam a22003017i 4500003000900000005001700009008004100026040004300067041000800110082002400118092000700142099003200149110002900181245010300210264003800313300002300351336002200374337002400396338003300420546002000453650005200473651001000525856005700535905001300592942001900605999001700624952017300641EG-GICUC20260121101352.0251127s1949 ua ||||fr|||| 00| 0 eng d aEG-GiCUCbengcEG-GiCUCdEG-GiCUCerda aeng04221a341.23bU N . C04221 aLaw1 11 341.23 U N . C 1945 2kUnited Nations.eAuthor.10aCharter of the United Nations and statute of the International Court of Justice /cUnited Nations. 1aCairo :bgovernment press,c1945. a57 pages ;c24 cm. 2rda contentatext 2rda mediaaComputer 2rda carrieraOnline Resource aText in English1 aUnited NationsxPublic international law2qrmak1 2qrmak40uhttps://fll.law.cu.edu.eg/fulltext/bks/B11-05978.pdf a75eYara 2ddccBKe21n0 c46471d46471 00102ddc40718القانون الدولي العامaCUbLAW1d2025-11-27l0oLaw1 11 341.23 U N . C 1945 1105978 C1pB11-05978r2025-11-27 17:00:32w2025-11-27yBK